| 000 | 01002nam a2200229Ia 4500 | ||
|---|---|---|---|
| 999 |
_c56031 _d56031 |
||
| 001 | 23131 | ||
| 003 | GE_BSU | ||
| 005 | 20230713153142.0 | ||
| 008 | 181216s1980||||ge |||||||||||||| ||geo|| | ||
| 040 | _cGE_BSU | ||
| 041 | _ageo | ||
| 080 | _a821.112.2.09 ხ-15 | ||
| 100 |
_aხავთასი, გრ. _919308 |
||
| 245 |
_aშუა საუკუნეების გერმანული ლიტერატურა / _cგრ. ხავთასი. |
||
| 264 |
_aთბილისი : _bთბილ. უნ-ტის გამ-ბა, _c1980. |
||
| 300 |
_a386 გვ. : _bილ. : 8 ფ. ილ. ; _c22 სმ.. |
||
| 500 | _aპირთა საძიებელი : გვ.382-384 | ||
| 541 | _h6 ლ. | ||
| 653 | _aგერმანული ლიტერატურის ისტორია და კრიტიკა | ||
| 653 | _aშუა საუკუნეების გერმანული ლიტერატურა | ||
| 942 |
_cBK _2udc |
||